1811 1460 1541 1574 1151 1707 1940 1943 1024 1764 1052 1938 1488 1155 1034 1543 1912 1617 1829 1165 1414 1263 1286 1437 1710 1002 1204 1847 1769 1997 1161 1648 1543 1526 1456 1350 1564 1223 1821 1162 1861 1291 1104 1759 1139 1676 1295 1373 1589 1209 1590 1915 1174 1004 1797 1524 1331 1723 1953 1309 1236 1392 1309 1370 1665 1943 1139 1409 1994 1308 1581 1448 1647 1348 1652 1691 1642 1420 1849 1850 1369 1768 1649 1822 1591 1432 1962 1085 1051 1207 1090 1592 1982 1684 1803 1342 1325 1681 1287 BCNSPRNW ULIB Ver.6.0+V

เปลี่ยนเป็นภาษาไทย

Change to English
 แสดงรายละเอียดบรรณานุกรม
  กลับหน้าหลัก

Brief Record : Get Marc (ISO 2709) : E-mail record : QR code < ปิดหน้าต่าง
LEADER : 00000nam 2200000uu 4500
001    13399123778
003     ULIB
008    141127s2556||||th 000 0 tha d
020    ^a9789740329831
060  4 ^aWF26^bข275ก
100 0  ^aขวัญฤทัย พันธุ
245 00 ^aการดูแลผู้ป่วยที่ใช้เครื่องช่วยหายใจ/^cโดย ขวัญฤทัย พันธุ
250    พิมพ์ครั้งที่ 2
260    ^aกรุงเทพฯ:^bสำนักพิมพ์แห่งจุฬาลงกรณ์มหาวิทยาลัย,^c2556
300    ^a178 หน้า:^bภาพประกอบ
650  7 ^aเครื่องช่วยหายใจ
650  7 ^aการใสท่อช่วยหายใจ
945    ^p150^l0^i21991
945    ^p150^l0^i21992
945    ^p150^l0^i21993
945    ^p150^l0^i21994
945    ^p150^l0^i21995
995    ^aทศพร
999    ^aทศพร เกษรทอง
รายการนี้ยังไม่มีแท็ก
คุณยังไม่ได้ล็อกอิน คุณสามารถมีกิจกรรมร่วมกับเว็บไซต์ได้ แต่ต้องล็อกอินก่อน ::
  ล็อกอิน

รายการสื่อสารสนเทศ

ลำดับที่ ประเภท เลขเรียก/บาร์โค้ด สถานที่ สถานะ
1. วิทยาศาสตร์การแพทย์ และสุขภาพ
หนังสือสำรอง
สถานะ=หนังสือสำรอง
WF26 ข275ก ฉ.1 
  Barcode: 21991
ห้องสมุดวิทยาเขตนครสวรรค์
►หนังสือทั่วไป:l:General Books
บนชั้น
2. วิทยาศาสตร์การแพทย์ และสุขภาพ
วิทยาศาสตร์การแพทย์ และสุขภาพ
WF26 ข275ก ฉ.2 
  Barcode: 21992
ห้องสมุดวิทยาเขตนครสวรรค์
►หนังสือทั่วไป:l:General Books
บนชั้น
3. วิทยาศาสตร์การแพทย์ และสุขภาพ
วิทยาศาสตร์การแพทย์ และสุขภาพ
WF26 ข275ก ฉ.3 
  Barcode: 21993
ห้องสมุดวิทยาเขตนครสวรรค์
►หนังสือทั่วไป:l:General Books
บนชั้น
4. วิทยาศาสตร์การแพทย์ และสุขภาพ
วิทยาศาสตร์การแพทย์ และสุขภาพ
WF26 ข275ก ฉ.4 
  Barcode: 21994
ห้องสมุดวิทยาเขตนครสวรรค์
►หนังสือทั่วไป:l:General Books
บนชั้น
5. วิทยาศาสตร์การแพทย์ และสุขภาพ
วิทยาศาสตร์การแพทย์ และสุขภาพ
WF26 ข275ก ฉ.5 
  Barcode: 21995
ห้องสมุดวิทยาเขตนครสวรรค์
►หนังสือทั่วไป:l:General Books
บนชั้น

รายการใกล้เคียง
    ผู้แต่ง [ขวัญฤทัย พันธุ]

    หัวเรื่อง [เครื่องช่วยหายใจ]
    หัวเรื่อง [การใสท่อช่วยหายใจ]

BibComment


ยังไม่เคยถูกคอมเมนท์

คอมเมนท์ทรัพยากรรายการนี้
  คอมเมนท์: การดูแลผู้ป่วยที..


 Copyright 2026. Bcnsprnw @Library